书目信息 |
| 题名: |
寻美
|
|
| 作者: | 青简 著 | |
| 分册: | ||
| 出版信息: | 北京 电子工业出版社 2020.4 |
|
| 页数: | 198页 | |
| 开本: | 23cm | |
| 丛书名: | ||
| 单 册: | ||
| 中图分类: | J401 | |
| 科图分类: | ||
| 主题词: | 摄影美学 | |
| 电子资源: | ||
| ISBN: | 978-7-121-36284-2 | |
| 000 | 00832nam0 2200253 45 | |
| 001 | 489809 | |
| 005 | 20140818171827.0 | |
| 010 | @a978-7-121-36284-2@b精装@dCNY89.90 | |
| 099 | @aCAL 012019092691 | |
| 100 | @a20190617d2019 em y0chiy0110 ea | |
| 101 | 0 | @achi |
| 102 | @aCN@b110000 | |
| 105 | @aa z 000yy | |
| 106 | @ar | |
| 200 | 1 | @a寻美@Axun mei@e摄影中的东方美学@f青简著 |
| 210 | @a北京@c电子工业出版社@d2020.4 | |
| 215 | @a198页@c彩图@d23cm | |
| 330 | @a本书用数十个不同题材的摄影专题, 细致展现、阐述了中式美学摄影的拍摄技巧和思路, 在为读者提供赏心悦目的观赏性之余, 同时可以在拍摄技艺上有所精进, 逐渐可以拍出独特而有韵味的摄影作品。 | |
| 517 | 1 | @a摄影中的东方美学 |
| 606 | 0 | @a摄影美学 |
| 690 | @aJ401@v5 | |
| 701 | 0 | @a青简@Aqing jian@4著 |
| 801 | @aCN@b江苏凤凰@c20211018 | |
| 905 | @b1356460-3@dJ401@e459@f4 | |
| 寻美:摄影中的东方美学/青简著.-北京:电子工业出版社,2020.4 |
| 198页:彩图;23cm |
| ISBN 978-7-121-36284-2(精装):CNY89.90 |
| 本书用数十个不同题材的摄影专题, 细致展现、阐述了中式美学摄影的拍摄技巧和思路, 在为读者提供赏心悦目的观赏性之余, 同时可以在拍摄技艺上有所精进, 逐渐可以拍出独特而有韵味的摄影作品。 |
| ● |
| 相关链接 |
|
|
|
|
正题名:寻美
索取号:J401/459
 
预约/预借
| 序号 | 登录号 | 条形码 | 馆藏地/架位号 | 状态 | 备注 |
| 1 | 1356460 | 213564604 | 第一样本阅览室/ [索取号:J401/459] | 在馆 | |
| 2 | 1356461 | 213564613 | 第一借阅区/ [索取号:J401/459] | 在馆 | |
| 3 | 1356462 | 213564622 | 第一借阅区/ [索取号:J401/459] | 在馆 | |
| 4 | 1356463 | 213564631 | 第一借阅区/ [索取号:J401/459] | 在馆 |